|
|
|
|
| LEADER |
00000nkmaa2200000 a 4500 |
| 001 |
vtls011742943 |
| 003 |
SK-MaSNL |
| 005 |
20260301141916.0 |
| 007 |
kh bo |
| 008 |
230802n xo | ||00 k|slo |
| 035 |
|
|
|a D2A96D96-9803-450B-A473-D4841E52FF3B
|
| 035 |
|
|
|a urn:nbn:sk:snk-km43icp
|
| 035 |
|
|
|a urn:nbn:sk:snk-km00e5ww
|
| 040 |
|
|
|a SNKLA
|b slo
|c SNKLA
|e AACR2
|
| 041 |
0 |
|
|a slo
|
| 044 |
|
|
|a xo
|c SK
|
| 110 |
2 |
|
|a Československá tlačová kancelária (Slovensko)
|4 aut
|9 55799
|
| 245 |
1 |
0 |
|a [Jesenský, Janko]
|h grafika
|
| 260 |
|
|
|a [S.l.
|b s.n.
|c s.a.]
|
| 300 |
|
|
|a 1 fotografia
|b čb
|c 19 x 13 cm
|
| 520 |
2 |
|
|a Zobrazenie: Podobizeň spisovateľa a právnika Janka Jesenského (30.12.1874 Martin - 27.12.1945 Bratislava). Reprodukcia amatérskej kresby zo zjazdu spisovateľov v Trenčianskych Tepliciach (1936).
|
| 600 |
1 |
7 |
|a Jesenský, Janko,
|d 1874-1945
|2 SNKMA
|9 185488
|
| 655 |
|
7 |
|a portrétne fotografie
|2 SNKLA
|9 305796
|
| 655 |
|
7 |
|a reprodukcie umeleckých diel
|2 SNKPH
|9 70730
|
| 852 |
7 |
|
|a Slovenská národná knižnica v Martine
|b Literárny archív
|
| 958 |
|
|
|a ZO
|
| 958 |
|
|
|a BLA
|
| 999 |
|
|
|c 768617
|d 770547
|
| 952 |
|
|
|a SNKLA
|b SNKLA
|c SNKLA_DEP
|y NEVYP
|7 0
|p 17A1227584
|o snkK 6/56
|i snkLA 617/1957
|0 0
|1 0
|4 0
|d 2018-02-22
|f 1
|l 0
|r 2026-02-24 00:26:53
|w 2026-02-24
|